00767cas a22002177a 450000500170000000800410001701000100005801100100006803500100007824500890008826000820017730000070025931000150026636200150028150000500029665000740034665000460042086600240046686600260049086600330051620220817043548.0990630d1965 ar qr p rnn 0 uub1spa d a78506 a79478 a8973100aBoletín Informativo Maniseroc/por Instituto Nacional de Tecnología Agropecuaria0 aManfredi, Cordoba :bInstituto Nacional de Tecnología Agropecuaria,c1965-. av. aTrimestral1 an.31, 1974 aSe dejó de recibir a partir del n.31, 1974.14aAgriculturaxInnovaciones tecnológicasxPublicaciones periódicas.14aTecnologíaxPublicaciones periódicas. an.27-31 (1972-1974) av.1 n.1-4 (1965-1966) av.2 n.6-v.4 n.23 (1967-1971)